| 000 | 01370nam0a2200337 i 4500 | ||
|---|---|---|---|
| 001 | RU\NLR\BIBL_A\011146111 | ||
| 005 | 20260406145258.0 | ||
| 010 |
_a9785170958375 _93000 |
||
| 021 |
_aRU _b2016-40194 _92573 |
||
| 035 | _a(NILC)RuMoRGB-008487962 | ||
| 035 | _a(NLR Aleph) 011146111 | ||
| 090 |
_a11645681 _c11645681 |
||
| 100 | _a20160603d2016 km y0rusy50 ca | ||
| 101 | 0 | _arus | |
| 102 |
_aRU _aRU |
||
| 105 | _aa|||z||||00zy | ||
| 200 | 1 |
_aЛучшие практики против диабета _fМ. Норбеков, П. Евдокименко |
|
| 210 |
_aМосква _cАСТ _d2016 |
||
| 215 |
_a222, [1] с. _cил. _d20 |
||
| 225 | 1 | _aРусские оздоровительные практики | |
| 333 | _a12+ | ||
| 606 | 1 |
_aСахарный диабет _jПопулярные издания _xТерапия нетрадиционная _92358373 _3RU\NLR\AUTH\661408503 |
|
| 675 | _a616.3 | ||
| 686 | 1 | _aР415.160.23-5я9 | |
| 700 | 1 |
_8rus _7ca _aНорбеков _bМ. С. _cспециалист по нетрадиц. медицине _f1957- _gМирзакарим Санакулович _3RU\NLR\AUTH\774534 _9114513 |
|
| 701 | 1 |
_aЕвдокименко _bП. В. _gПавел Валериевич |
|
| 801 | 0 |
_aRU _bРГБ _c20160516 _gRCR |
|
| 942 | _cBOOK | ||
| 980 | _aNBR | ||